| 000 | 01052nam a2200205 a 4500 | ||
|---|---|---|---|
| 001 | 45520 | ||
| 005 | 20180714024739.0 | ||
| 008 | 140415s1993 mx 000 0 spa d | ||
| 020 | _a9681605543 | ||
| 041 | _aspa | ||
| 082 |
_a972.01 _bSEJ |
||
| 100 | 1 | _aSEJOURNE, LAURETTE | |
| 245 | 1 | 0 | _aPENSAMIENTO Y RELIGION EN EL MEXICO ANTIGUO |
| 250 | _a1a ed. | ||
| 260 |
_aMEXICO : _bFONDO DE CULTURA ECONOMICA, _c1993 |
||
| 300 |
_a175 _c16.8 x 10.5 x 1.3 |
||
| 490 | _aFONTAMARA | ||
| 520 | _aAL APARECER ESTE LIBRO EN SU EDICIÓN INGLESA, ESCRIBIÓ COTTIE A. BURLAND, DEL BRITISH MUSEUM : SE TRATA DE UN LIBRO NOTABLE, ESCRITO POR UNA ARQUEOLOGÍA QUE HA DESCUBIERTO UN MARAVILLOSO CAMPO NUEVO EN LOS MURALES DEL MÉXICO ANTIGUO, EN LAS RUINAS DE LA GIGANTESCA CIUDAD DE TEOTIHUACÁN. NO ES UNA RELACIÓN DE SUS DESCUBRIMIENTOS, SINO LA INTERPRETACIÓN DE LA RELIGIÓN QUE INSPIRÓ DICHAS OBRAS. Y COMO TAL EXIGE UN LUGAR EN LA BIBLIOTECA DEL PSICÓLOGO, DEL ESTUDIOSO DE RELIGIONES COMPRADA | ||
| 650 | 1 | 4 |
_aAZTECAS _xHISTORIA _xMEXICO |
| 999 |
_c45520 _d45520 |
||